[Event "35.Böblinger Open"]
[Site "Böblingen"]
[Date "2018.12.30"]
[Round "8.3"]
[White "Annaberdiev, Meilis"]
[Black "Gschnitzer, Adrian"]
[Result "1-0"]
[WhiteElo "2513"]
[BlackElo "2374"]
[PlyCount "111"]
[EventDate "2018.12.26"]
[EventType "swiss"]
[EventRounds "9"]
[EventCountry "GER"]
[SourceVersionDate "2018.12.27"]

{[%evp 0,54,19,28,51,27,45,21,22,33,54,35,35,41,41,24,53,46,113,91,135,63,67,
-14,14,-29,-30,-17,-22,-27,-5,-7,-8,-49,-36,-45,-48,-39,-43,-76,-79,-97,-54,
-107,-105,-107,-65,-64,-57,-45,-16,-64,-39,-117,-61,-409,-409]} 1. d4 Nf6 2.
Nf3 c5 3. d5 b5 4. Bg5 d6 5. e4 a6 6. Nbd2 g6 7. a4 b4 8. Bd3 Bg7 9. O-O a5 10.
Bb5+ Bd7 11. Bxf6 exf6 12. Nc4 Qc7 13. Qd2 O-O 14. Qf4 f5 15. Nfd2 Be5 16. Nxe5
dxe5 17. Qf3 f4 18. Nc4 f6 19. Qd3 Kg7 20. c3 h5 21. Rfc1 Qb7 22. Nd2 Bxb5 23.
Qxb5 Qxb5 24. axb5 Nd7 25. cxb4 axb4 26. Nc4 Kf7 27. b6 Ke7 28. Ra7 Rxa7 29.
bxa7 Ra8 30. Ra1 Kd8 31. Kf1 Kc7 32. Ra6 f5 33. f3 fxe4 34. fxe4 g5 35. Na5 g4
36. h4 Kc8 37. Ke2 Kc7 38. Rc6+ Kd8 39. Rh6 Kc7 40. Ra6 Kc8 41. b3 Kc7 42. Rc6+
Kd8 43. Ra6 Kc7 44. g3 f3+ 45. Kf2 Kc8 46. Ke3 Kc7 47. d6+ Kd8 48. Nc4 Ke8 49.
Rc6 Rxa7 50. Rc8+ Kf7 51. Rc7 Ra2 52. Rxd7+ Kf6 53. Rd8 Rc2 54. Re8 Rc3+ 55.
Kd2 f2 56. Ke2 1-0

[Event "35.Böblinger Open"]
[Site "Böblingen"]
[Date "2018.12.30"]
[Round "8.9"]
[White "Schulz, Lukas"]
[Black "Andersen, Mads"]
[Result "0-1"]
[WhiteElo "2317"]
[BlackElo "2605"]
[PlyCount "96"]
[EventDate "2018.12.26"]
[EventType "swiss"]
[EventRounds "9"]
[EventCountry "GER"]
[SourceVersionDate "2018.12.27"]

{[%evp 0,54,19,28,51,27,45,21,22,33,54,35,35,41,41,24,53,46,113,91,135,63,67,
-14,14,-29,-30,-17,-22,-27,-5,-7,-8,-49,-36,-45,-48,-39,-43,-76,-79,-97,-54,
-107,-105,-107,-65,-64,-57,-45,-16,-64,-39,-117,-61,-409,-409]} 1. e4 c5 2. Nf3
d6 3. d4 cxd4 4. Nxd4 Nf6 5. Nc3 a6 6. h3 e6 7. Be3 b5 8. Bd3 Bb7 9. a3 Nbd7
10. O-O Be7 11. Qe2 O-O 12. Rad1 Nc5 13. f3 Qc7 14. Bf2 Rfe8 15. g4 Bf8 16. Nb3
Nfd7 17. f4 g6 18. Bg3 Nxb3 19. cxb3 b4 20. axb4 Qb6+ 21. Kh2 Qxb4 22. f5 Bg7
23. Bc4 Ne5 24. f6 Bf8 25. Bxe5 dxe5 26. h4 Red8 27. g5 Rd4 28. h5 Rad8 29.
hxg6 hxg6 30. Kg3 Rxd1 31. Rxd1 Rxd1 32. Nxd1 Qb6 33. Nf2 Qd4 34. Kf3 Bc5 35.
Ng4 Qg1 36. Bd3 Bd4 37. Qc2 Qh1+ 38. Kg3 Qe1+ 39. Kf3 Qh4 40. Nh6+ Kf8 41. Qd2
a5 42. b4 Qh3+ 43. Ke2 Qh5+ 44. Ke1 Qh1+ 45. Ke2 Bxe4 46. Bxe4 Qxe4+ 47. Kd1
Qb1+ 48. Ke2 a4 0-1

[Event "35.Böblinger Open"]
[Site "Böblingen"]
[Date "2018.12.30"]
[Round "8.10"]
[White "Carow, Johannes"]
[Black "Neukirchner, Pascal"]
[Result "1-0"]
[WhiteElo "2439"]
[BlackElo "2306"]
[PlyCount "91"]
[EventDate "2018.12.26"]
[EventType "swiss"]
[EventRounds "9"]
[EventCountry "GER"]
[SourceVersionDate "2018.12.27"]

{[%evp 0,54,19,28,51,27,45,21,22,33,54,35,35,41,41,24,53,46,113,91,135,63,67,
-14,14,-29,-30,-17,-22,-27,-5,-7,-8,-49,-36,-45,-48,-39,-43,-76,-79,-97,-54,
-107,-105,-107,-65,-64,-57,-45,-16,-64,-39,-117,-61,-409,-409]} 1. d4 Nf6 2.
Bg5 Ne4 3. Bf4 c5 4. f3 Qa5+ 5. c3 Nf6 6. d5 Qb6 7. Bc1 d6 8. e4 g6 9. Nd2 Bg7
10. Nc4 Qc7 11. a4 O-O 12. Ne2 Rd8 13. g4 e6 14. Ng3 exd5 15. exd5 b6 16. g5
Nfd7 17. f4 Ba6 18. Kf2 b5 19. axb5 Bxb5 20. h4 Bxc4 21. Bxc4 Nb6 22. Be2 c4
23. h5 N8d7 24. Kg2 Re8 25. hxg6 fxg6 26. Qg1 Rxe2+ 27. Nxe2 Re8 28. Ng3 Qb7
29. Kh2 Nc5 30. Qd1 Nd3 31. Qf3 Ne1 32. Qd1 Nd3 33. Rf1 Nxd5 34. Qa4 Qc8 35.
Qb5 Ne3 36. Bxe3 Rxe3 37. Rxa7 h5 38. Qd5+ Qe6 39. Qxe6+ Rxe6 40. f5 gxf5 41.
Nxf5 Be5+ 42. Kh1 Nf4 43. Rfa1 Nh3 44. Rb7 Re8 45. g6 Ng5 46. Raa7 1-0

[Event "35.Böblinger Open"]
[Site "Böblingen"]
[Date "2018.12.30"]
[Round "8.15"]
[White "Neyman, Igor"]
[Black "Miller, Eduard"]
[Result "1-0"]
[WhiteElo "2287"]
[BlackElo "2371"]
[PlyCount "93"]
[EventDate "2018.12.26"]
[EventType "swiss"]
[EventRounds "9"]
[EventCountry "GER"]
[SourceVersionDate "2018.12.27"]

{[%evp 0,54,19,28,51,27,45,21,22,33,54,35,35,41,41,24,53,46,113,91,135,63,67,
-14,14,-29,-30,-17,-22,-27,-5,-7,-8,-49,-36,-45,-48,-39,-43,-76,-79,-97,-54,
-107,-105,-107,-65,-64,-57,-45,-16,-64,-39,-117,-61,-409,-409]} 1. d4 Nf6 2. c4
g6 3. Nc3 Bg7 4. e4 d6 5. Nf3 O-O 6. Be2 e5 7. Be3 exd4 8. Nxd4 c6 9. f3 d5 10.
exd5 cxd5 11. c5 Qe7 12. Bf2 Na6 13. Nb3 d4 14. Qxd4 Ng4 15. Qd6 Qxd6 16. cxd6
Nxf2 17. Kxf2 Nb4 18. a3 Nc2 19. Rac1 Nd4 20. Bc4 Nxb3 21. Bxb3 Bd4+ 22. Kg3
Be5+ 23. f4 Bxd6 24. Rhd1 Bb8 25. Kf3 h5 26. h3 Kg7 27. Ne4 a5 28. Nc5 b5 29.
Nd7 Bxd7 30. Rxd7 Ra7 31. Rcd1 Ra6 32. h4 Rf6 33. g3 Rc8 34. Rb7 Be5 35. Rd2
Rc5 36. Ke4 Bd6 37. Rd5 b4 38. a4 Rc1 39. Rxa5 Rb1 40. Raa7 Rxb2 41. Bxf7 Re2+
42. Kf3 Re7 43. Rxe7 Bxe7 44. Rxe7 Kf8 45. Rb7 Rxf7 46. Rxf7+ Kxf7 47. Ke4 1-0

[Event "35.Böblinger Open"]
[Site "Böblingen"]
[Date "2018.12.30"]
[Round "9.4"]
[White "Andersen, Mads"]
[Black "Olsen, Filip Boe"]
[Result "1-0"]
[WhiteElo "2605"]
[BlackElo "2343"]
[PlyCount "105"]
[EventDate "2018.12.26"]
[EventType "swiss"]
[EventRounds "9"]
[EventCountry "GER"]
[SourceVersionDate "2018.12.27"]

{[%evp 0,54,19,28,51,27,45,21,22,33,54,35,35,41,41,24,53,46,113,91,135,63,67,
-14,14,-29,-30,-17,-22,-27,-5,-7,-8,-49,-36,-45,-48,-39,-43,-76,-79,-97,-54,
-107,-105,-107,-65,-64,-57,-45,-16,-64,-39,-117,-61,-409,-409]} 1. Nf3 Nf6 2.
c4 e6 3. g3 d5 4. Bg2 dxc4 5. Qa4+ Bd7 6. Qxc4 c5 7. O-O Bc6 8. Nc3 Nbd7 9. e4
Be7 10. Qe2 e5 11. d3 O-O 12. b3 b5 13. Bb2 Re8 14. Rac1 Bf8 15. Nh4 Qb6 16.
Kh1 b4 17. Nb1 Bb5 18. Rcd1 Nb8 19. Nd2 Nc6 20. Nc4 Bxc4 21. dxc4 Rad8 22. f4
Qc7 23. fxe5 Rxd1 24. Rxd1 Nxe5 25. Nf5 Neg4 26. h3 Nxe4 27. hxg4 Nxg3+ 28.
Nxg3 Rxe2 29. Nxe2 Qe7 30. Bf3 h5 31. gxh5 Qh4+ 32. Kg2 Qg5+ 33. Ng3 Be7 34.
Rd5 Qf4 35. Ne2 Qe3 36. Bc1 Qe6 37. Bf4 a5 38. Ng3 a4 39. bxa4 Qa6 40. Nf5 Bf6
41. Rxc5 Qxa4 42. Rc8+ Kh7 43. Be4 Qxa2+ 44. Kf3 g6 45. hxg6+ fxg6 46. Rc7+ Kh8
47. Rc8+ Kh7 48. Rc7+ Kh8 49. Ne3 b3 50. Rc8+ Kh7 51. Rc7+ Kh8 52. Ng4 Bd4 53.
Be5+ 1-0

[Event "35.Böblinger Open"]
[Site "Böblingen"]
[Date "2018.12.30"]
[Round "9.6"]
[White "Noe, Christopher"]
[Black "Neyman, Igor"]
[Result "1-0"]
[WhiteElo "2532"]
[BlackElo "2287"]
[PlyCount "65"]
[EventDate "2018.12.26"]
[EventType "swiss"]
[EventRounds "9"]
[EventCountry "GER"]
[SourceVersionDate "2018.12.27"]

{[%evp 0,54,19,28,51,27,45,21,22,33,54,35,35,41,41,24,53,46,113,91,135,63,67,
-14,14,-29,-30,-17,-22,-27,-5,-7,-8,-49,-36,-45,-48,-39,-43,-76,-79,-97,-54,
-107,-105,-107,-65,-64,-57,-45,-16,-64,-39,-117,-61,-409,-409]} 1. d4 d5 2. c4
c6 3. Nc3 dxc4 4. e4 e5 5. dxe5 Qxd1+ 6. Nxd1 Be6 7. f4 g6 8. Nf3 b5 9. Nd4 Bd7
10. a4 a6 11. axb5 cxb5 12. Nc3 Bb4 13. Bd2 Bxc3 14. Bxc3 Bc6 15. e6 f6 16. b3
Bxe4 17. bxc4 bxc4 18. Bxc4 Ne7 19. Bb4 Nbc6 20. Bb5 Kd8 21. Nxc6+ Nxc6 22.
Bxc6 Bxc6 23. Kf2 Re8 24. Rhd1+ Kc8 25. Rd6 Kb7 26. Rad1 a5 27. Ba3 Ra6 28. e7
f5 29. Rd8 Ra8 30. Rb1+ Ka6 31. Rd6 Rac8 32. Bc5 Rxe7 33. Rb6+ 1-0

[Event "35.Böblinger Open"]
[Site "Böblingen"]
[Date "2018.12.30"]
[Round "9.8"]
[White "Gschnitzer, Adrian"]
[Black "Kurayan, Ruslan"]
[Result "0-1"]
[WhiteElo "2374"]
[BlackElo "2391"]
[PlyCount "62"]
[EventDate "2018.12.26"]
[EventType "swiss"]
[EventRounds "9"]
[EventCountry "GER"]
[SourceVersionDate "2018.12.27"]

{[%evp 0,54,19,28,51,27,45,21,22,33,54,35,35,41,41,24,53,46,113,91,135,63,67,
-14,14,-29,-30,-17,-22,-27,-5,-7,-8,-49,-36,-45,-48,-39,-43,-76,-79,-97,-54,
-107,-105,-107,-65,-64,-57,-45,-16,-64,-39,-117,-61,-409,-409]} 1. e4 c5 2. Nf3
d6 3. d4 cxd4 4. Nxd4 Nf6 5. Nc3 g6 6. Be3 Bg7 7. f3 O-O 8. Qd2 Nc6 9. Bc4 Bd7
10. Bb3 Na5 11. h4 Nxb3 12. cxb3 Rc8 13. O-O-O b5 14. Kb1 b4 15. Nce2 a5 16. h5
e5 17. Nc2 d5 18. Bh6 Bxh6 19. Qxh6 dxe4 20. hxg6 fxg6 21. fxe4 Qc7 22. Ne3 Bc6
23. Ng3 Nxe4 24. Nxe4 Bxe4+ 25. Ka1 Qe7 26. Nc4 Bxg2 27. Rh2 Rf1 28. Qc1 Rxd1
29. Qxd1 Rd8 30. Qg1 Bf3 31. Ne3 Qc5 0-1

[Event "35.Böblinger Open"]
[Site "Böblingen"]
[Date "2018.12.30"]
[Round "9.10"]
[White "Zuferi, Enis"]
[Black "Stets, Dmitry"]
[Result "1/2-1/2"]
[WhiteElo "2349"]
[BlackElo "2374"]
[PlyCount "39"]
[EventDate "2018.12.26"]
[EventType "swiss"]
[EventRounds "9"]
[EventCountry "GER"]
[SourceVersionDate "2018.12.27"]

{[%evp 0,54,19,28,51,27,45,21,22,33,54,35,35,41,41,24,53,46,113,91,135,63,67,
-14,14,-29,-30,-17,-22,-27,-5,-7,-8,-49,-36,-45,-48,-39,-43,-76,-79,-97,-54,
-107,-105,-107,-65,-64,-57,-45,-16,-64,-39,-117,-61,-409,-409]} 1. e4 c5 2. Nf3
d6 3. Bb5+ Nd7 4. d4 Ngf6 5. e5 cxd4 6. O-O dxe5 7. Nxe5 Qb6 8. a4 a6 9. Bxd7+
Nxd7 10. Nc4 Qf6 11. c3 g6 12. cxd4 Bg7 13. Be3 O-O 14. Nc3 Nb6 15. Ne5 Be6 16.
Qe2 Rad8 17. Ne4 Qf5 18. Ng3 Qf6 19. Ne4 Qf5 20. Ng3 1/2-1/2

[Event "35.Böblinger Open"]
[Site "Böblingen"]
[Date "2018.12.30"]
[Round "9.17"]
[White "Degenhard, Simon"]
[Black "Kostic, Vladimir"]
[Result "0-1"]
[WhiteElo "2233"]
[BlackElo "2326"]
[PlyCount "90"]
[EventDate "2018.12.26"]
[EventType "swiss"]
[EventRounds "9"]
[EventCountry "GER"]
[SourceVersionDate "2018.12.27"]

{[%evp 0,54,19,28,51,27,45,21,22,33,54,35,35,41,41,24,53,46,113,91,135,63,67,
-14,14,-29,-30,-17,-22,-27,-5,-7,-8,-49,-36,-45,-48,-39,-43,-76,-79,-97,-54,
-107,-105,-107,-65,-64,-57,-45,-16,-64,-39,-117,-61,-409,-409]} 1. d4 d6 2. e4
Nf6 3. Nc3 g6 4. Be3 Bg7 5. Qd2 c6 6. f3 b5 7. Bh6 Bxh6 8. Qxh6 b4 9. Nce2 Qa5
10. Qd2 Nbd7 11. c3 bxc3 12. Qxc3 Qb6 13. Nf4 O-O 14. Rc1 c5 15. d5 Rb8 16. b3
Ba6 17. Ngh3 Ne5 18. Nf2 Rfc8 19. N4d3 Nxd3+ 20. Bxd3 Bxd3 21. Nxd3 Qa6 22. Qd2
Nd7 23. Kf2 c4 24. bxc4 Rxc4 25. Rxc4 Qxc4 26. Rc1 Qd4+ 27. Ke2 Ne5 28. Nf2 Qa4
29. Qc2 Qa6+ 30. Ke1 Qa3 31. Rb1 Qe3+ 32. Kf1 Rxb1+ 33. Qxb1 Nc4 34. Qa1 Nd2+
35. Kg1 a5 36. Qd1 h5 37. Qa1 a4 38. Qd1 a3 39. Qa1 f6 40. Qd1 Kf7 41. Qa1 g5
42. h3 g4 43. hxg4 hxg4 44. fxg4 Nxe4 45. Qf1 Kg6 0-1

[Event "35.Böblinger Open"]
[Site "Böblingen"]
[Date "2018.12.30"]
[Round "9.19"]
[White "Mütsch, Annmarie"]
[Black "Wilhelm, Till"]
[Result "1/2-1/2"]
[WhiteElo "2306"]
[BlackElo "2225"]
[PlyCount "45"]
[EventDate "2018.12.26"]
[EventType "swiss"]
[EventRounds "9"]
[EventCountry "GER"]
[SourceVersionDate "2018.12.27"]

{[%evp 0,54,19,28,51,27,45,21,22,33,54,35,35,41,41,24,53,46,113,91,135,63,67,
-14,14,-29,-30,-17,-22,-27,-5,-7,-8,-49,-36,-45,-48,-39,-43,-76,-79,-97,-54,
-107,-105,-107,-65,-64,-57,-45,-16,-64,-39,-117,-61,-409,-409]} 1. e4 e5 2. Nf3
Nc6 3. d4 exd4 4. Nxd4 Nf6 5. Nxc6 bxc6 6. e5 Qe7 7. Qe2 Nd5 8. c4 Nb6 9. Nc3
a5 10. Bd2 Qe6 11. Qe4 g6 12. Bd3 Bg7 13. O-O O-O 14. f4 d5 15. Qe2 Nxc4 16.
Bxc4 dxc4 17. Ne4 c3 18. Bxc3 Ba6 19. Qf2 Bxf1 20. Rxf1 Qd5 21. Re1 Rfe8 22.
Qh4 Qd8 23. Qh3 1/2-1/2

[Event "35.Böblinger Open"]
[Site "Böblingen"]
[Date "2018.12.30"]
[Round "9.38"]
[White "Schröter, Samuel"]
[Black "Seitz, Patrick"]
[Result "1/2-1/2"]
[WhiteElo "2119"]
[BlackElo "2007"]
[PlyCount "47"]
[EventDate "2018.12.26"]
[EventType "swiss"]
[EventRounds "9"]
[EventCountry "GER"]
[SourceVersionDate "2018.12.27"]

{[%evp 0,54,19,28,51,27,45,21,22,33,54,35,35,41,41,24,53,46,113,91,135,63,67,
-14,14,-29,-30,-17,-22,-27,-5,-7,-8,-49,-36,-45,-48,-39,-43,-76,-79,-97,-54,
-107,-105,-107,-65,-64,-57,-45,-16,-64,-39,-117,-61,-409,-409]} 1. c4 c5 2. Nc3
Nc6 3. g3 g6 4. Bg2 Bg7 5. Nf3 Nf6 6. d3 d6 7. Rb1 Rb8 8. O-O O-O 9. Ne1 Ne8
10. Nc2 Nc7 11. Bg5 h6 12. Bd2 Bd7 13. a3 a5 14. b4 axb4 15. axb4 cxb4 16. Nxb4
Nxb4 17. Rxb4 b5 18. cxb5 Nxb5 19. Nxb5 Rxb5 20. Rxb5 Bxb5 21. Qb3 Qd7 22. Rc1
Ba4 23. Qa2 Rb8 24. Rb1 1/2-1/2